00729nam a22002417a 45000010005000000030006000050050017000110080041000280200018000690400029000870500008001160820008001241000017001322450042001492600065001913000049002564900021003055050008003265200076003345210029004105210020004397000028004598233FISKH20250904111507.0250904b cb ||||| |||| 00| 0 eng d a9780478029307 aFISKHbengcFISKHdFISKH aPZ7 a550 aGaynor, Bill aStories in stones / cBy Bill Gaynor  aWellington, New Zealand : bLearning Media Limited , c1996. a16 pages : bcolor illustrations ;c24 cm .  aReading Science  aK  aIntroduces fossils of sea creatures which lived millions of years ago. 8 a510 bLexile estimate 8 aK bRaz-Plus  aHall, MissioneDesigner